|
|
|
|
| LEADER |
01272cam a2200385 a 4500 |
| 001 |
nkc20142539670 |
| 003 |
CZ PrNK |
| 005 |
20150413141744.0 |
| 007 |
ta |
| 008 |
140120s2013 xr a g 000 m cze d |
| 015 |
|
|
|a cnb002539670
|
| 020 |
|
|
|a 978-80-7438-092-1
|q (váz.)
|
| 035 |
|
|
|a (OCoLC)883371023
|
| 040 |
|
|
|a ULG001
|b cze
|d BOA001
|d ABA001
|
| 072 |
|
7 |
|a 821.162.3
|x Česká literatura
|2 Konspekt
|9 25
|
| 080 |
|
|
|a 821.162.3-1
|2 MRF
|
| 080 |
|
|
|a 821.162.3-3
|2 MRF
|
| 080 |
|
|
|a (0:82-1)
|2 MRF
|
| 080 |
|
|
|a (0:82-3)
|2 MRF
|
| 100 |
1 |
|
|a Kohout, Jan,
|d 1960-
|7 jo20000074141
|4 aut
|4 ill
|
| 245 |
1 |
0 |
|a Motýli nad propastí /
|c Jan Kohout
|
| 250 |
|
|
|a Vyd. 1.
|
| 260 |
|
|
|a Praha :
|b Dybbuk,
|c 2013
|
| 300 |
|
|
|a 315 s. :
|b il. ;
|c 20 cm
|
| 504 |
|
|
|a Obsahuje bibliografické odkazy
|
| 655 |
|
7 |
|a česká poezie
|7 fd133958
|2 czenas
|
| 655 |
|
7 |
|a české prózy
|7 fd133972
|2 czenas
|
| 655 |
|
9 |
|a Czech poetry
|2 eczenas
|
| 655 |
|
9 |
|a Czech prose
|2 eczenas
|
| 910 |
2 |
|
|a BOA001
|b 1-1325.350
|
| 990 |
|
|
|a BK
|
| 995 |
|
|
|a 01
|
| 991 |
|
|
|b 201404
|c NOV
|e b
|
| 996 |
6 |
|
|b 2610587980
|c 1-1325.350
|l MZK
|r Sklad / do 1 hodiny
|n 0
|p p.v.
|w 001415167
|u 000010
|a 1
|e BOA001
|j MZK50
|s P
|
| 996 |
7 |
|
|b 2610601896
|c 1-1325.350
|l MZK
|r Sklad / do 1 hodiny
|n 0
|p kup
|w 001415167
|u 000020
|a 1
|e BOA001
|j MZK50
|s A
|